[Event "SRB-chT (Women)"]
[Site "Subotica"]
[Date "2019.08.26"]
[Round "5.4"]
[White "Doluhanova, Evgeniya"]
[Black "Bojkovic, Natasa"]
[Result "1/2-1/2"]
[WhiteElo "2305"]
[BlackElo "2374"]
[PlyCount "101"]
[EventDate "2019.08.22"]
[EventType "team-tourn"]
[EventRounds "11"]
[EventCountry "SRB"]
[SourceTitle "EXT 2020"]
[Source "ChessBase"]
[SourceDate "2019.10.17"]
[SourceVersion "1"]
[SourceVersionDate "2019.10.17"]
[SourceQuality "1"]
[WhiteTeam "Lucani Mladost (W)"]
[BlackTeam "Belgrade Bas (W)"]
[WhiteTeamCountry "SRB"]
[BlackTeamCountry "SRB"]

1. Nf3 Nf6 2. d4 e6 3. Bf4 c5 4. e3 b6 5. Bd3 Bb7 6. 0-0 Be7 7. c3 0-0 8. a4 Nh5 9. a5 Nxf4 10. exf4 cxd4 11. Nxd4 bxa5 12. Nd2 Nc6 13. Nxc6 Bxc6 14. Nc4 Qc7 15. Nxa5 Qxf4 16. Nxc6 dxc6 17. Ra4 Qc7 18. Qf3 a5 19. Rfa1 Rab8 20. Qe2 Qb6 21. R1a2 Rfd8 22. Rxa5 Qb3 23. Bc2 Qb6 24. b4 g6 25. g3 Rd6 26. Qf3 Kg7 27. Ra6 Qc7 28. c4 Qd8 29. Rxc6 Rxc6 30. Qxc6 Rxb4 31. Ra7 Rb6 32. Qe4 Kg8 33. Kg2 Rb8 34. Ba4 Bc5 35. Rd7 Qf6 36. Rd2 Rb2 37. Rxb2 Qxb2 38. Qc2 Qd4 39. Qe2 Kg7 40. Bb5 g5 41. h3 h5 42. Ba6 g4 43. hxg4 hxg4 44. Bb7 Bb6 45. Be4 f5 46. Bb7 Kf6 47. Bc8 e5 48. Qc2 e4 49. c5 Qxc5 50. Qxc5 Bxc5 51. Bb7 1/2-1/2

[Event "SRB-chT (Women)"]
[Site "Subotica"]
[Date "2019.08.24"]
[Round "3.1"]
[White "Strutinskaya, Galina N"]
[Black "Bojkovic, Natasa"]
[Result "1/2-1/2"]
[WhiteElo "2205"]
[BlackElo "2374"]
[PlyCount "47"]
[EventDate "2019.08.22"]
[EventType "team-tourn"]
[EventRounds "11"]
[EventCountry "SRB"]
[SourceTitle "EXT 2020"]
[Source "ChessBase"]
[SourceDate "2019.10.17"]
[SourceVersion "1"]
[SourceVersionDate "2019.10.17"]
[SourceQuality "1"]
[WhiteTeam "Belgrade Radnicki (W)"]
[BlackTeam "Belgrade Bas (W)"]
[WhiteTeamCountry "SRB"]
[BlackTeamCountry "SRB"]

1. d4 Nf6 2. Nf3 e6 3. c4 b6 4. Nc3 Bb7 5. a3 d5 6. e3 Nbd7 7. cxd5 exd5 8. Bd3 a6 9. Qc2 Bd6 10. b4 0-0 11. b5 Qe7 12. Qb3 a5 13. a4 Ne4 14. 0-0 Nxc3 15. Qxc3 Rfc8 16. Qb3 c5 17. bxc6 Rxc6 18. Bd2 Nf6 19. Rfc1 Rac8 20. Rxc6 Rxc6 21. Rc1 Qc7 22. Rb1 Bc8 23. Bb5 Rc2 24. Bd3 1/2-1/2

[Event "SRB-chT (Women)"]
[Site "Subotica"]
[Date "2019.08.23"]
[Round "2.1"]
[White "Bojkovic, Natasa"]
[Black "Rapport, Jovana"]
[Result "1/2-1/2"]
[WhiteElo "2374"]
[BlackElo "2370"]
[PlyCount "56"]
[EventDate "2019.08.22"]
[EventType "team-tourn"]
[EventRounds "11"]
[EventCountry "SRB"]
[SourceTitle "EXT 2020"]
[Source "ChessBase"]
[SourceDate "2019.10.17"]
[SourceVersion "1"]
[SourceVersionDate "2019.10.17"]
[SourceQuality "1"]
[WhiteTeam "Belgrade Bas (W)"]
[BlackTeam "Rudovci Radnicki (W)"]
[WhiteTeamCountry "SRB"]
[BlackTeamCountry "SRB"]

1. e4 c6 2. d4 d5 3. Nd2 dxe4 4. Nxe4 Nf6 5. Nxf6+ exf6 6. Bc4 Qe7+ 7. Qe2 Qxe2+ 8. Nxe2 Be6 9. Bd3 Bd6 10. Bf4 Bxf4 11. Nxf4 0-0 12. 0-0-0 Re8 13. Rhe1 Nd7 14. Re3 Nf8 15. Rde1 Red8 16. Nxe6 Nxe6 17. c3 Nf4 18. Bf1 Kf8 19. g3 Nd5 20. R3e2 Re8 21. Bg2 Nc7 22. Rxe8+ Rxe8 23. Rxe8+ Kxe8 24. Kd2 Kd7 25. Kd3 g6 26. a4 f5 27. f4 h5 28. a5 Kd6 1/2-1/2

[Event "SRB-chT (Women)"]
[Site "Valjevo"]
[Date "2018.09.10"]
[Round "11.5"]
[White "Bojkovic, Natasa"]
[Black "Srdanovic, Jovana"]
[Result "1-0"]
[WhiteElo "2384"]
[BlackElo "2149"]
[PlyCount "35"]
[EventDate "2018.08.31"]
[EventType "team-tourn"]
[EventRounds "11"]
[EventCountry "SRB"]
[SourceTitle "CBM 186 Extra"]
[Source "ChessBase"]
[SourceDate "2018.08.24"]
[SourceVersion "1"]
[SourceVersionDate "2018.08.24"]
[SourceQuality "1"]
[WhiteTeam "BAS (W)"]
[BlackTeam "Banovci Dunav (W)"]
[WhiteTeamCountry "SRB"]
[BlackTeamCountry "SRB"]

1. e4 c5 2. Nc3 e6 3. Nf3 a6 4. g3 d5 5. exd5 exd5 6. d4 c4 7. Bg2 h6 8. 0-0 Nf6 9. Ne5 Be7 10. f4 Nc6 11. g4 Qd6 12. Be3 Bd7 13. Qf3 Nb4 14. Rf2 0-0-0 15. a3 Nc6 16. Nxf7 Qc7 17. Nxh8 Rxh8 18. Nxd5 1-0

[Event "SRB-chT (Women)"]
[Site "Novi Sad"]
[Date "2017.09.02"]
[Round "2.3"]
[White "Marjanovic, Annamaria"]
[Black "Bojkovic, Natasa"]
[Result "0-1"]
[WhiteElo "2355"]
[BlackElo "2398"]
[PlyCount "74"]
[EventDate "2017.09.01"]
[EventType "team-tourn"]
[EventRounds "11"]
[EventCountry "SRB"]
[SourceTitle "CBM 180 Extra"]
[Source "ChessBase"]
[SourceDate "2017.10.06"]
[SourceVersion "1"]
[SourceVersionDate "2017.10.06"]
[SourceQuality "1"]
[WhiteTeam "Novi Sad CC (W)"]
[BlackTeam "Belgrade Bas (W)"]
[WhiteTeamCountry "SRB"]
[BlackTeamCountry "SRB"]

1. c4 Nf6 2. g3 e5 3. Bg2 d5 4. cxd5 Nxd5 5. Nc3 Nb6 6. Nf3 Nc6 7. 0-0 Be7 8. Rb1 0-0 9. b4 Bf5 10. b5 Nd4 11. d3 Qd6 12. a4 c6 13. Bd2 Nd7 14. Nxd4 exd4 15. Ne4 Qe6 16. bxc6 bxc6 17. Qc2 Rac8 18. Rb7 a6 19. Bf4 Rfe8 20. Ra7 c5 21. Qb2 h6 22. Qb7 Qa2 23. Nd2 Qxa4 24. Rxa6 Qb4 25. Rb1 Qc3 26. Raa1 Bf8 27. Ne4 Bxe4 28. Bxe4 Nf6 29. Bf3 c4 30. dxc4 Qxc4 31. Rc1 Qe6 32. Rxc8 Qxc8 33. Qxc8 Rxc8 34. Be5 Rd8 35. Rd1 Bc5 36. Rd3 Rd7 37. Kg2 Nd5 0-1

[Event "SRB-chT (Women)"]
[Site "Kragujevac"]
[Date "2016.10.01"]
[Round "10.3"]
[White "Rakic, Teodora"]
[Black "Bojkovic, Natasa"]
[Result "0-1"]
[WhiteElo "2004"]
[BlackElo "2406"]
[PlyCount "106"]
[EventDate "2016.09.22"]
[EventType "team-tourn"]
[EventRounds "11"]
[EventCountry "SRB"]
[SourceTitle "CBM 174 Extra"]
[Source "ChessBase"]
[SourceDate "2016.10.10"]
[SourceVersion "1"]
[SourceVersionDate "2016.10.10"]
[SourceQuality "1"]
[WhiteTeam "Lestane (W)"]
[BlackTeam "BAS (W)"]
[WhiteTeamCountry "SRB"]
[BlackTeamCountry "SRB"]

1. d4 Nf6 2. c4 e6 3. Nf3 b6 4. g3 Bb4+ 5. Bd2 Be7 6. Bg2 c6 7. 0-0 d5 8. Qc2 0-0 9. cxd5 cxd5 10. Rc1 Nbd7 11. Bf4 Bb7 12. Qc7 Ba6 13. Qxd8 Rfxd8 14. Nc3 Bb4 15. Bf1 h6 16. a3 Be7 17. h4 Ne8 18. b4 f6 19. h5 Bd6 20. Bxd6 Nxd6 21. a4 Bb7 22. b5 Rdc8 23. Nd2 a5 24. Bh3 Kf7 25. e4 dxe4 26. d5 Nc5 27. Ncxe4 Ncxe4 28. Nxe4 Nxe4 29. Bxe6+ Kf8 30. Bxc8 Rxc8 31. Rxc8+ Bxc8 32. Rc1 Nc5 33. d6 Be6 34. Re1 Ke8 35. f4 Kd7 36. f5 Bxf5 37. Re7+ Kxd6 38. Rxg7 Nxa4 39. g4 Be4 40. Rg8 Nc5 41. Rb8 a4 42. Rxb6+ Ke5 43. Rb8 a3 44. Re8+ Kd6 45. Rd8+ Nd7 46. Rc8 a2 47. Rc1 Nb6 48. Ra1 Bb1 49. Kf2 Nc4 50. Kf3 Ke5 51. Kg3 Ke4 52. Kh3 Kf3 53. Kh4 Kg2 0-1

[Event "SRB-chT (Women)"]
[Site "Kragujevac"]
[Date "2016.09.28"]
[Round "7.4"]
[White "Bojkovic, Natasa"]
[Black "Tadic, Katarina"]
[Result "1-0"]
[WhiteElo "2406"]
[BlackElo "2070"]
[PlyCount "103"]
[EventDate "2016.09.22"]
[EventType "team-tourn"]
[EventRounds "11"]
[EventCountry "SRB"]
[SourceTitle "CBM 174 Extra"]
[Source "ChessBase"]
[SourceDate "2016.10.10"]
[SourceVersion "1"]
[SourceVersionDate "2016.10.10"]
[SourceQuality "1"]
[WhiteTeam "BAS (W)"]
[BlackTeam "Rudovci Radnicki (W)"]
[WhiteTeamCountry "SRB"]
[BlackTeamCountry "SRB"]

1. e4 e6 2. d4 d5 3. Nd2 dxe4 4. Nxe4 Bd7 5. Nf3 Bc6 6. Bd3 Nd7 7. 0-0 Ngf6 8. Ned2 Be7 9. b3 0-0 10. Bb2 b6 11. c4 Bb7 12. Qc2 Rc8 13. Rad1 c5 14. dxc5 Bxc5 15. Ne4 Nxe4 16. Bxe4 Bxe4 17. Qxe4 Qe7 18. Nd4 Nf6 19. Qf3 Bxd4 20. Rxd4 Rfd8 21. Rf4 Ne8 22. Rg4 Rd7 23. Qc3 f6 24. Re1 Rcd8 25. Rge4 Nc7 26. R4e3 Rd1 27. h3 Qd6 28. Rxd1 Qxd1+ 29. Re1 Qd2 30. Kf1 Qd6 31. Kg1 Qd2 32. Kf1 Qd6 33. Bc1 e5 34. Be3 Ne6 35. b4 Qd3+ 36. Qxd3 Rxd3 37. Rc1 Rd7 38. c5 bxc5 39. Bxc5 Rc7 40. Be3 Rxc1+ 41. Bxc1 a6 42. Ke2 Kf8 43. Kd3 Ke7 44. Kc4 Kd6 45. b5 axb5+ 46. Kxb5 Kc7 47. Be3 h5 48. a4 f5 49. a5 e4 50. Bb6+ Kb8 51. Kc6 Nf4 52. Bc7+ 1-0

[Event "SRB-chT (Women)"]
[Site "Kragujevac"]
[Date "2016.09.27"]
[Round "6.1"]
[White "Manakova, Maria"]
[Black "Bojkovic, Natasa"]
[Result "1/2-1/2"]
[WhiteElo "2280"]
[BlackElo "2406"]
[PlyCount "101"]
[EventDate "2016.09.22"]
[EventType "team-tourn"]
[EventRounds "11"]
[EventCountry "SRB"]
[SourceTitle "CBM 174 Extra"]
[Source "ChessBase"]
[SourceDate "2016.10.10"]
[SourceVersion "1"]
[SourceVersionDate "2016.10.10"]
[SourceQuality "1"]
[WhiteTeam "Rad (W)"]
[BlackTeam "BAS (W)"]
[WhiteTeamCountry "SRB"]
[BlackTeamCountry "SRB"]

1. e4 c5 2. Nf3 e6 3. d3 b6 4. g3 Bb7 5. Bg2 d6 6. 0-0 Be7 7. Qe2 Nd7 8. b3 Qc7 9. Bb2 Bf6 10. c3 Ne7 11. d4 0-0 12. Nbd2 g6 13. Rfe1 Bg7 14. Nf1 Nf6 15. N3d2 cxd4 16. cxd4 Rfd8 17. Rac1 Qd7 18. Qd3 Rac8 19. Ba3 Ne8 20. Ne3 Rxc1 21. Rxc1 Rc8 22. Rxc8 Qxc8 23. Ndc4 Qd7 24. d5 e5 25. Qf1 Qc7 26. Qe1 b5 27. Na5 Bc8 28. Bb4 Bd7 29. Qc3 Qb6 30. h3 Bh6 31. Ng4 Bg7 32. Qe3 f5 33. exf5 Nxf5 34. Qxb6 axb6 35. Nc6 Kf7 36. Nb8 Bc8 37. Ne3 Nd4 38. Nc6 Bd7 39. h4 Bf8 40. Kf1 Nf5 41. Nxf5 gxf5 42. Nb8 Bc8 43. Bd2 Nc7 44. Nc6 e4 45. Nb4 Bb7 46. Bh3 Kg6 47. h5+ Kf6 48. Bc3+ Kg5 49. Bd2+ Kf6 50. Bc3+ Kg5 51. Bd2+ 1/2-1/2

[Event "SRB-chT (Women)"]
[Site "Kragujevac"]
[Date "2015.08.29"]
[Round "10.1"]
[White "Voiska, Margarita"]
[Black "Bojkovic, Natasa"]
[Result "0-1"]
[WhiteElo "2328"]
[BlackElo "2404"]
[PlyCount "142"]
[EventDate "2015.08.20"]
[EventType "team-tourn"]
[EventRounds "11"]
[EventCountry "SRB"]
[SourceTitle "EXT 2016"]
[Source "ChessBase"]
[SourceDate "2015.10.08"]
[SourceVersion "1"]
[SourceVersionDate "2015.10.08"]
[SourceQuality "1"]
[WhiteTeam "Nova Varos Zlatar (W)"]
[BlackTeam "Belgrade BAS (W)"]
[WhiteTeamCountry "SRB"]
[BlackTeamCountry "SRB"]

1. d4 Nf6 2. c4 e6 3. Nf3 b6 4. g3 Bb4+ 5. Bd2 Be7 6. Bg2 c6 7. Qc2 d5 8. 0-0 0-0 9. Bf4 Bb7 10. Rd1 Nbd7 11. Ne5 Nh5 12. Be3 Bd6 13. Nd3 f5 14. Nd2 f4 15. Nxf4 Nxf4 16. Bxf4 Bxf4 17. gxf4 Rxf4 18. e3 Rf8 19. Nf3 Qf6 20. Rd2 Rf7 21. Kh1 Raf8 22. Rg1 Qf5 23. Qxf5 Rxf5 24. Bh3 Rxf3 25. Bxe6+ Kh8 26. Bxd7 dxc4 27. Kg2 R3f6 28. f4 c5+ 29. Kg3 Rg6+ 30. Kf2 Rd6 31. Bb5 cxd4 32. Rxd4 Rxd4 33. exd4 Rxf4+ 34. Kg3 Rxd4 35. Rc1 Rd3+ 36. Kf4 Rd4+ 37. Kg3 Rd3+ 38. Kf4 Rd5 39. a4 g5+ 40. Ke3 Rd3+ 41. Ke2 Rh3 42. Rxc4 Rxh2+ 43. Ke3 Rh3+ 44. Kd2 a6 45. Bd7 Rb3 46. Bf5 Rxb2+ 47. Ke3 b5 48. Rc7 bxa4 49. Rxh7+ Kg8 50. Rc7 a3 51. Kd4 a2 52. Be6+ Kf8 53. Bxa2 Rxa2 54. Rxb7 g4 55. Rb3 Kf7 56. Ke5 Kg6 57. Kf4 Kh5 58. Kg3 Ra4 59. Rc3 Kg5 60. Rc5+ Kf6 61. Rc8 Ke5 62. Rg8 Kd5 63. Rg5+ Kc6 64. Rg6+ Kd5 65. Rg5+ Ke6 66. Rg8 a5 67. Re8+ Kd5 68. Rd8+ Kc5 69. Rc8+ Kb6 70. Rb8+ Ka7 71. Rb5 Ka6 0-1

[Event "SRB-chT (Women)"]
[Site "Kragujevac"]
[Date "2015.08.28"]
[Round "9.5"]
[White "Bojkovic, Natasa"]
[Black "Manakova, Maria"]
[Result "0-1"]
[WhiteElo "2404"]
[BlackElo "2288"]
[PlyCount "106"]
[EventDate "2015.08.20"]
[EventType "team-tourn"]
[EventRounds "11"]
[EventCountry "SRB"]
[SourceTitle "EXT 2016"]
[Source "ChessBase"]
[SourceDate "2015.10.08"]
[SourceVersion "1"]
[SourceVersionDate "2015.10.08"]
[SourceQuality "1"]
[WhiteTeam "Belgrade BAS (W)"]
[BlackTeam "Belgrade Rad (W)"]
[WhiteTeamCountry "SRB"]
[BlackTeamCountry "SRB"]

1. e4 e6 2. d4 d5 3. Nd2 Be7 4. c3 c5 5. dxc5 Nf6 6. exd5 Qxd5 7. Ngf3 Qxc5 8. Bd3 0-0 9. Qe2 Nbd7 10. 0-0 Qc7 11. Ne4 Nxe4 12. Bxe4 Nf6 13. Bc2 b6 14. Ne5 Bb7 15. Re1 Rad8 16. Bf4 Qc5 17. Ng4 Qc6 18. Nxf6+ Bxf6 19. Be4 Qxe4 20. Qxe4 Bxe4 21. Rxe4 Rd5 22. a4 Rfd8 23. Kf1 h6 24. Be3 R8d7 25. Rb4 Bg5 26. f4 Be7 27. Rb5 Bc5 28. c4 Rf5 29. Ke2 a6 30. Rb3 Bxe3 31. Kxe3 Rd6 32. Rc3 a5 33. g4 Rc5 34. b3 g5 35. Rf1 Kg7 36. Ke4 f5+ 37. Kf3 Rd4 38. fxg5 hxg5 39. gxf5 Rxf5+ 40. Ke3 Rh4 41. Rxf5 exf5 42. Rc2 Rh3+ 43. Kd4 Rxb3 44. c5 bxc5+ 45. Rxc5 Kg6 46. Rxa5 f4 47. Rb5 Rh3 48. Rb2 Ra3 49. Ke4 Kh5 50. a5 Kg4 51. Rg2+ Kh4 52. a6 Rxa6 53. h3 Ra5 0-1

[Event "SRB-chT (Women)"]
[Site "Kragujevac"]
[Date "2015.08.25"]
[Round "6.1"]
[White "Bojkovic, Natasa"]
[Black "Zhukova, Natalia"]
[Result "1/2-1/2"]
[WhiteElo "2404"]
[BlackElo "2482"]
[PlyCount "45"]
[EventDate "2015.08.20"]
[EventType "team-tourn"]
[EventRounds "11"]
[EventCountry "SRB"]
[SourceTitle "EXT 2016"]
[Source "ChessBase"]
[SourceDate "2015.10.08"]
[SourceVersion "1"]
[SourceVersionDate "2015.10.08"]
[SourceQuality "1"]
[WhiteTeam "Belgrade BAS (W)"]
[BlackTeam "Goracici Jelica (W)"]
[WhiteTeamCountry "SRB"]
[BlackTeamCountry "SRB"]

1. e4 e5 2. Nf3 Nc6 3. Bb5 a6 4. Ba4 Nf6 5. d3 d6 6. c3 g6 7. Nbd2 Bg7 8. Nf1 0-0 9. Ng3 b5 10. Bc2 d5 11. 0-0 h6 12. h3 Be6 13. Bd2 Nd7 14. a4 dxe4 15. dxe4 Ne7 16. Qc1 Kh7 17. Rd1 Qb8 18. Be3 Rd8 19. b4 Qb7 20. Qb1 Kg8 21. Qc1 Kh7 22. Qb1 Kg8 23. Qc1 1/2-1/2

[Event "SRB-chT (Women)"]
[Site "Kragujevac"]
[Date "2015.08.21"]
[Round "2.3"]
[White "Bojkovic, Natasa"]
[Black "Panic, Anastasija"]
[Result "1-0"]
[WhiteElo "2404"]
[BlackElo "1879"]
[PlyCount "45"]
[EventDate "2015.08.20"]
[EventType "team-tourn"]
[EventRounds "11"]
[EventCountry "SRB"]
[SourceTitle "EXT 2016"]
[Source "ChessBase"]
[SourceDate "2015.10.08"]
[SourceVersion "1"]
[SourceVersionDate "2015.10.08"]
[SourceQuality "1"]
[WhiteTeam "Belgrade BAS (W)"]
[BlackTeam "Lestane (W)"]
[WhiteTeamCountry "SRB"]
[BlackTeamCountry "SRB"]

1. e4 c5 2. Nc3 Nc6 3. Bb5 Nd4 4. Bc4 e6 5. Nf3 a6 6. Nxd4 cxd4 7. Ne2 b5 8. Bd3 e5 9. c3 dxc3 10. dxc3 Bc5 11. a4 Nf6 12. 0-0 Ng4 13. h3 Nxf2 14. Rxf2 Qh4 15. Qe1 Rb8 16. Kf1 Bxf2 17. Qxf2 Qd8 18. axb5 axb5 19. Qc5 Qe7 20. Qc7 Qf6+ 21. Ke1 Qb6 22. Qxe5+ Kf8 23. Bf4 1-0

[Event "SRB-chT (Women)"]
[Site "Palic"]
[Date "2014.09.01"]
[Round "3.1"]
[White "Bojkovic, Natasa"]
[Black "Tadic, Katarina"]
[Result "1-0"]
[WhiteElo "2425"]
[BlackElo "2086"]
[PlyCount "65"]
[EventDate "2014.08.30"]
[EventType "team-tourn"]
[EventRounds "11"]
[EventCountry "SRB"]
[SourceTitle "CBM 162 Extra"]
[Source "ChessBase"]
[SourceDate "2014.10.17"]
[SourceVersion "1"]
[SourceVersionDate "2014.10.17"]
[SourceQuality "1"]
[WhiteTeam "Belgrade BAS (W)"]
[BlackTeam "Kosovska Mitrovica (W)"]
[WhiteTeamCountry "SRB"]
[BlackTeamCountry "SRB"]

1. e4 d5 2. exd5 Qxd5 3. Nf3 c6 4. d4 Bg4 5. Be2 Nf6 6. h3 Bxf3 7. Bxf3 Qa5+ 8. Nd2 e6 9. 0-0 Nbd7 10. Nc4 Qc7 11. Bg5 Be7 12. Qd2 Nb6 13. Ne5 Rd8 14. Bf4 Qc8 15. Rad1 0-0 16. Qe2 Nbd5 17. Bg3 Bd6 18. c4 Ne7 19. Bh4 Nf5 20. Bxf6 gxf6 21. Ng4 Be7 22. Be4 Nxd4 23. Nh6+ Kh8 24. Qh5 f5 25. Nxf7+ Rxf7 26. Qxf7 Qd7 27. Bxf5 exf5 28. Rxd4 Qxd4 29. Qxe7 f4 30. Re1 f3 31. Re5 h6 32. Qf6+ Kg8 33. Qg6+ 1-0

[Event "SRB Central-ch op"]
[Site "Vrnjacka Banja"]
[Date "2014.03.23"]
[Round "9"]
[White "Bojkovic, Natasa"]
[Black "Abramovic, Bosko"]
[Result "1/2-1/2"]
[WhiteElo "2411"]
[BlackElo "2437"]
[PlyCount "22"]
[EventDate "2014.03.17"]
[EventType "swiss"]
[EventRounds "9"]
[EventCountry "SRB"]
[SourceTitle "CBM 159 Extra"]
[Source "ChessBase"]
[SourceDate "2014.04.24"]
[SourceVersion "1"]
[SourceVersionDate "2014.04.24"]
[SourceQuality "1"]

1. e4 c5 2. c3 e6 3. Nf3 Nc6 4. d4 d5 5. exd5 exd5 6. Bb5 Bd6 7. dxc5 Bxc5 8. 0-0 Nge7 9. Nbd2 0-0 10. Nb3 Bd6 11. Bd3 h6 1/2-1/2

[Event "SRB Central-ch op"]
[Site "Vrnjacka Banja"]
[Date "2014.03.21"]
[Round "7"]
[White "Bojkovic, Natasa"]
[Black "Lajthajm, Borko"]
[Result "1/2-1/2"]
[WhiteElo "2411"]
[BlackElo "2525"]
[PlyCount "153"]
[EventDate "2014.03.17"]
[EventType "swiss"]
[EventRounds "9"]
[EventCountry "SRB"]
[SourceTitle "CBM 159 Extra"]
[Source "ChessBase"]
[SourceDate "2014.04.24"]
[SourceVersion "1"]
[SourceVersionDate "2014.04.24"]
[SourceQuality "1"]

1. e4 d6 2. d4 c6 3. Nf3 g6 4. a4 Bg7 5. Nc3 Nf6 6. h3 0-0 7. Be3 Nbd7 8. a5 Qc7 9. Be2 Rd8 10. Qb1 e5 11. dxe5 Nxe5 12. Nxe5 dxe5 13. Qa2 Qe7 14. 0-0 Be6 15. Bc4 Nh5 16. Bxe6 fxe6 17. Qc4 a6 18. Bb6 Rd7 19. Rfd1 Re8 20. Rxd7 Qxd7 21. Rd1 Qf7 22. g3 Bf8 23. Na4 Nf6 24. Nc5 h5 25. h4 Ng4 26. Qe2 Nf6 27. Qf3 Bxc5 28. Bxc5 Qg7 29. Qe3 Nh7 30. Qe2 Nf6 31. Qe3 Nh7 32. Bb6 Nf6 33. Bd8 Nh7 34. Bg5 Qf7 35. Rd6 Qc7 36. Qd2 Nxg5 37. hxg5 Re7 38. Rd8+ Kg7 39. Rd6 Kf7 40. Kg2 Ke8 41. Qb4 c5 42. Qa4+ Kf7 43. Rd3 Kg7 44. b3 Rf7 45. Qa1 Kh7 46. Qc3 Rf8 47. Qd2 Rf7 48. Rd6 Re7 49. Rd8 c4 50. Rf8 cxb3 51. cxb3 Kg7 52. Rd8 Qc6 53. Qd3 Rf7 54. b4 Qc1 55. Qd2 Qc4 56. f3 Qc7 57. Rd3 Qe7 58. Kg1 Kh7 59. Kf1 Qc7 60. Qc3 Kg7 61. Ke2 Re7 62. Qb2 Kh7 63. Qc3 Kg7 64. Kf2 Kf7 65. Ke3 Kg7 66. Qc5 Qxc5+ 67. bxc5 Rc7 68. Rc3 Kf7 69. Kd3 Rd7+ 70. Kc2 Ke7 71. c6 bxc6 72. Rxc6 Rd6 73. Rc7+ Rd7 74. Rc6 Rd6 75. Rc7+ Rd7 76. Rc6 Rd6 77. Rc5 1/2-1/2

[Event "SRB Central-ch op"]
[Site "Vrnjacka Banja"]
[Date "2014.03.20"]
[Round "5"]
[White "Bojkovic, Natasa"]
[Black "Velickovic, Sasa"]
[Result "1-0"]
[WhiteElo "2411"]
[BlackElo "2377"]
[PlyCount "129"]
[EventDate "2014.03.17"]
[EventType "swiss"]
[EventRounds "9"]
[EventCountry "SRB"]
[SourceTitle "CBM 159 Extra"]
[Source "ChessBase"]
[SourceDate "2014.04.24"]
[SourceVersion "1"]
[SourceVersionDate "2014.04.24"]
[SourceQuality "1"]

1. e4 c5 2. Nf3 e6 3. c3 b6 4. d4 Bb7 5. Bd3 Nf6 6. Qe2 Be7 7. 0-0 Nc6 8. a3 d6 9. b4 Qc7 10. Nbd2 Rd8 11. Bb2 0-0 12. Rfc1 Rfe8 13. a4 Rb8 14. Ba3 Nd7 15. Bb5 Red8 16. h3 Bf8 17. Rab1 Ba8 18. Bd3 Ne7 19. Qe3 Ng6 20. h4 Nf6 21. g3 Qc6 22. Bb5 Qc7 23. Bf1 Qc6 24. Bb5 Qc7 25. Bf1 Qc6 26. b5 Qb7 27. Re1 Rbc8 28. Bg2 Rc7 29. Nh2 cxd4 30. cxd4 Rdc8 31. Rb3 Rc2 32. Bf3 Qc7 33. h5 Ne7 34. Qd3 Ne8 35. Bb2 h6 36. Bd1 Nf6 37. Bxc2 Qxc2 38. Qxc2 Rxc2 39. Nhf1 Nxh5 40. Rc1 Rxc1 41. Bxc1 Nf6 42. f3 Ne8 43. Ba3 f5 44. Ne3 g5 45. e5 dxe5 46. dxe5 Ng6 47. Bxf8 Kxf8 48. Nec4 Nc7 49. Rc3 Nd5 50. Ra3 Nc7 51. Rc3 Nd5 52. Ra3 Nc7 53. Ra1 Bb7 54. Nd6 Bd5 55. Rc1 Na8 56. Re1 Ne7 57. Kf2 Kg7 58. Rc1 Ng6 59. N2c4 Ne7 60. Ne3 f4 61. gxf4 gxf4 62. Rg1+ Kf8 63. Nxd5 Nxd5 64. Nc8 Nac7 65. Nxa7 1-0

[Event "EU-chT (Women) 19th"]
[Site "Warsaw"]
[Date "2013.11.16"]
[Round "8.8"]
[White "Bojkovic, Natasa"]
[Black "Paehtz, Elisabeth"]
[Result "1/2-1/2"]
[WhiteElo "2405"]
[BlackElo "2449"]
[PlyCount "79"]
[EventDate "2013.11.08"]
[EventType "team-swiss"]
[EventRounds "9"]
[EventCountry "POL"]
[SourceTitle "EXT 2014"]
[Source "ChessBase"]
[SourceDate "2013.11.20"]
[SourceVersion "1"]
[SourceVersionDate "2013.11.20"]
[SourceQuality "1"]
[WhiteTeam "Serbia (W)"]
[BlackTeam "Germany (W)"]
[WhiteTeamCountry "SRB"]
[BlackTeamCountry "GER"]

1. e4 e6 2. d4 d5 3. Nd2 Nc6 4. Ngf3 Nf6 5. e5 Nd7 6. Bd3 f6 7. Ng5 Ndxe5 8. dxe5 fxg5 9. Qh5+ g6 10. Bxg6+ Kd7 11. c4 Nxe5 12. Bc2 Qf6 13. 0-0 c6 14. b3 Kc7 15. Rb1 Bd6 16. Bb2 Qf4 17. Rbd1 Rf8 18. Qe2 Ng6 19. g3 Qf7 20. Bxg6 hxg6 21. Be5 Qf5 22. Bxd6+ Kxd6 23. cxd5 exd5 24. Nc4+ Kc7 25. Qe7+ Bd7 26. Ne3 Qh3 27. Nxd5+ cxd5 28. Rc1+ Kb6 29. Qc5+ Ka6 30. Qa3+ Kb6 31. Qc5+ Ka6 32. Qa3+ Kb6 33. Qb4+ Ka6 34. Rc5 b5 35. Rc7 Rf6 36. Qa3+ Kb6 37. Qc5+ Ka6 38. Qa3+ Kb6 39. Qc5+ Ka6 40. Qa3+ 1/2-1/2

[Event "EU-Cup (Women) 18th"]
[Site "Rhodes"]
[Date "2013.10.24"]
[Round "5.3"]
[White "Harika, Dronavalli"]
[Black "Bojkovic, Natasa"]
[Result "1/2-1/2"]
[WhiteElo "2475"]
[BlackElo "2414"]
[PlyCount "76"]
[EventDate "2013.10.20"]
[EventType "team-swiss"]
[EventRounds "7"]
[EventCountry "GRE"]
[SourceTitle "EXT 2014"]
[Source "ChessBase"]
[SourceDate "2013.11.20"]
[SourceVersion "1"]
[SourceVersionDate "2013.11.20"]
[SourceQuality "1"]
[WhiteTeam "Mika (W)"]
[BlackTeam "Belgrade BAS (W)"]
[WhiteTeamCountry "ARM"]
[BlackTeamCountry "SRB"]

1. d4 Nf6 2. c4 e6 3. Nf3 b6 4. g3 Bb4+ 5. Bd2 Be7 6. Bg2 c6 7. 0-0 d5 8. Bf4 0-0 9. Nc3 Bb7 10. Rc1 dxc4 11. Ne5 Nd5 12. Nxc4 Nxf4 13. gxf4 Nd7 14. e3 Nf6 15. Ne5 Nd5 16. Ne4 Rc8 17. a3 Bd6 18. Kh1 f6 19. Nd3 Bb8 20. Qh5 Ba6 21. Rcd1 Qe7 22. Rg1 f5 23. Ng3 Nf6 24. Qf3 Bc4 25. Ne5 Bd5 26. Qe2 Rfd8 27. Bxd5 Rxd5 28. f3 c5 29. dxc5 Rdxc5 30. Nd3 Rc2 31. Rd2 Rxd2 32. Qxd2 Qd7 33. Qe2 Qb5 34. Rd1 Qb3 35. Nc1 Qa4 36. Nd3 Qb3 37. Nc1 Qa4 38. Nd3 Qb3 1/2-1/2